[Event "SVK-chT1E 2223"]
[Site "Slovakia"]
[Date "2023.03.11"]
[Round "10.1"]
[White "Svana, Kamil"]
[Black "Jurcik, Marian"]
[Result "0-1"]
[WhiteElo "2040"]
[BlackElo "2403"]
[PlyCount "72"]
[EventDate "2022.10.15"]
[EventType "team-tourn"]
[EventRounds "11"]
[EventCountry "SVK"]
[SourceTitle "EXT 2024"]
[Source "ChessBase"]
[SourceDate "2023.10.10"]
[SourceVersion "1"]
[SourceVersionDate "2023.10.10"]
[SourceQuality "1"]
[WhiteTeam "Kosice Slavia TU"]
[BlackTeam "Cadca"]
[WhiteTeamCountry "SVK"]
[BlackTeamCountry "SVK"]

1. e4 c5 2. Nf3 e6 3. d4 cxd4 4. Nxd4 Nf6 5. Bd3 Nc6 6. Nxc6 bxc6 7. 0-0 d5 8. e5 Nd7 9. Re1 Qc7 10. Bf4 Nc5 11. Bf1 Rb8 12. Nd2 Ba6 13. Bxa6 Nxa6 14. Rb1 Be7 15. c4 Nc5 16. cxd5 cxd5 17. Qf3 0-0 18. Rec1 Qa5 19. a3 Qa6 20. Rc3 Na4 21. Rc7 Rb7 22. Rc2 Rbb8 23. Rc7 Bd8 24. Rc2 Rc8 25. Rbc1 Bb6 26. Nf1 Rxc2 27. Rxc2 Nc5 28. b4 Ne4 29. Bg3 h6 30. Qb3 Rc8 31. b5 Qb7 32. a4 Rxc2 33. Qxc2 Qc7 34. Qxc7 Bxc7 35. f4 Bb6+ 36. Kh1 Nc3 0-1

[Event "SVK-chT2D 2122"]
[Site "Slovakia"]
[Date "2022.05.01"]
[Round "11.5"]
[White "Meszarosova, Eva"]
[Black "Svana, Kamil"]
[Result "0-1"]
[WhiteElo "1960"]
[BlackElo "2040"]
[PlyCount "100"]
[EventDate "2021.10.16"]
[EventType "team-tourn"]
[EventRounds "11"]
[EventCountry "SVK"]
[SourceTitle "EXT 2023"]
[Source "ChessBase"]
[SourceDate "2022.10.05"]
[SourceVersion "1"]
[SourceVersionDate "2022.10.05"]
[SourceQuality "1"]
[WhiteTeam "Moldava nad Bodvou"]
[BlackTeam "Spisska Nova Ves"]
[WhiteTeamCountry "SVK"]
[BlackTeamCountry "SVK"]

1. e4 c5 2. Nf3 d6 3. d4 cxd4 4. Nxd4 Nf6 5. Nc3 Nc6 6. Be2 e5 7. Nf3 Be7 8. 0-0 0-0 9. h3 a6 10. a4 h6 11. Be3 Be6 12. Qd2 Rc8 13. Bd3 d5 14. exd5 Nxd5 15. Nxd5 Bxd5 16. Nh2 f5 17. f4 e4 18. Be2 Bf6 19. c3 Na5 20. Ra3 Nc4 21. Bxc4 Bxc4 22. Rd1 Bd3 23. Qf2 Qd5 24. Rd2 Rfd8 25. Ra1 Qb3 26. Ra3 Qc4 27. Ra1 Qb3 28. Ra3 Qc4 29. Ra1 b5 30. axb5 axb5 31. g4 Ra8 32. Rxa8 Rxa8 33. gxf5 Ra1+ 34. Kg2 Qa2 35. Ng4 Be7 36. f6 Bf8 37. Nxh6+ gxh6 38. Qg3+ Kh7 39. Kh2 Qb1 40. Qg2 Qf1 41. Qxf1 Rxf1 42. Kg2 Ra1 43. f5 Kg8 44. Bd4 Bd6 45. h4 Bf4 46. Rf2 Bc1 47. c4 Bxc4 48. Kh2 Kf7 49. Kh3 h5 50. Bc3 Bh6 0-1

[Event "SVK-chT2D 1819"]
[Site "Slovakia"]
[Date "2019.04.06"]
[Round "10.5"]
[White "Kohut, Marian"]
[Black "Svana, Kamil"]
[Result "1/2-1/2"]
[WhiteElo "2019"]
[BlackElo "2026"]
[PlyCount "94"]
[EventDate "2018.10.13"]
[EventType "team-tourn"]
[EventRounds "11"]
[EventCountry "SVK"]
[SourceTitle "EXT 2020"]
[Source "ChessBase"]
[SourceDate "2019.10.17"]
[SourceVersion "1"]
[SourceVersionDate "2019.10.17"]
[SourceQuality "1"]
[WhiteTeam "Sabinov II"]
[BlackTeam "Spisska Nova Ves"]
[WhiteTeamCountry "SVK"]
[BlackTeamCountry "SVK"]

1. Nf3 Nf6 2. g3 g6 3. Bg2 Bg7 4. 0-0 0-0 5. d4 d6 6. c4 Nbd7 7. Nc3 c5 8. b3 Rb8 9. Bb2 a6 10. dxc5 Nxc5 11. Nd4 Bd7 12. Rc1 Qb6 13. Nd5 Nxd5 14. cxd5 Rbc8 15. Qd2 Rc7 16. e3 Rfc8 17. Rfd1 a5 18. Bc3 Ra8 19. f3 Qa6 20. Bf1 Qb6 21. Kh1 a4 22. b4 Na6 23. a3 Rac8 24. Bb2 Rxc1 25. Rxc1 Rxc1 26. Qxc1 Nc7 27. Bc4 e6 28. dxe6 fxe6 29. Qd2 d5 30. Bd3 Ne8 31. Bc3 e5 32. Ne2 Bc6 33. Kg2 Nd6 34. Kf2 d4 35. exd4 exd4 36. Qa2+ Kh8 37. Bd2 Bb5 38. Qc2 Nc4 39. Bc1 Qc6 40. Be4 Qd7 41. Bd3 Nd6 42. Bb2 Bxd3 43. Qxd3 Qb5 44. Qxb5 Nxb5 45. Nc1 Kg8 46. Ke2 Kf7 47. Kd3 Ke6 1/2-1/2

[Event "SVK-chT1E 1819"]
[Site "Slovakia"]
[Date "2018.11.25"]
[Round "4.7"]
[White "Svana, Kamil"]
[Black "Panko, Eduard"]
[Result "1/2-1/2"]
[WhiteElo "2041"]
[BlackElo "1982"]
[PlyCount "52"]
[EventDate "2018.10.27"]
[EventType "team-tourn"]
[EventRounds "11"]
[EventCountry "SVK"]
[SourceTitle "CBM 188 Extra"]
[Source "ChessBase"]
[SourceDate "2019.02.26"]
[SourceVersion "1"]
[SourceVersionDate "2019.02.26"]
[SourceQuality "1"]
[WhiteTeam "Kosice Slavia UPJS"]
[BlackTeam "Bardejov"]
[WhiteTeamCountry "SVK"]
[BlackTeamCountry "SVK"]

1. e4 d6 2. d4 Nf6 3. Nc3 c6 4. f4 Qa5 5. Bd3 e5 6. dxe5 dxe5 7. f5 b5 8. Bd2 Qb6 9. Qf3 a5 10. Qg3 Nbd7 11. Nf3 Bb7 12. Nxe5 Qc7 13. Nxd7 Qxg3+ 14. hxg3 Nxd7 15. 0-0-0 Bd6 16. Bf4 Be5 17. Bxe5 Nxe5 18. Be2 h6 19. Rd2 Ke7 20. Nd1 Rhd8 21. Rxd8 Rxd8 22. Nf2 b4 23. Re1 Kf6 24. Bf3 c5 25. Nh3 Bc6 26. Nf4 g6 1/2-1/2

[Event "SVK-chT1E 1516"]
[Site "Slovakia"]
[Date "2015.11.14"]
[Round "3.5"]
[White "Svana, Kamil"]
[Black "Lasanda, Michal"]
[Result "1-0"]
[WhiteElo "2106"]
[BlackElo "2164"]
[PlyCount "101"]
[EventDate "2015.10.24"]
[EventType "team-tourn"]
[EventRounds "11"]
[EventCountry "SVK"]
[SourceTitle "CBM 169 Extra"]
[Source "ChessBase"]
[SourceDate "2015.12.18"]
[SourceVersion "1"]
[SourceVersionDate "2015.12.18"]
[SourceQuality "1"]
[WhiteTeam "Spisska Nova Ves"]
[BlackTeam "Michalovce Zemplin"]
[WhiteTeamCountry "SVK"]
[BlackTeamCountry "SVK"]

1. e4 c5 2. Nf3 Nc6 3. d4 cxd4 4. Nxd4 Nf6 5. Nc3 e5 6. Ndb5 d6 7. Nd5 Nxd5 8. exd5 Nb4 9. a3 Na6 10. Be2 Be7 11. 0-0 f5 12. c4 0-0 13. b4 Bd7 14. Nc3 Bf6 15. Qb3 Kh8 16. Bb2 e4 17. f3 exf3 18. Bxf3 Bd4+ 19. Kh1 Rc8 20. Rae1 Qh4 21. Nd1 b5 22. Bxd4 Qxd4 23. cxb5 Bxb5 24. Be2 Bxe2 25. Rxe2 Nc7 26. Nc3 Rce8 27. Rxe8 Rxe8 28. Qc2 h6 29. Ne2 Qxd5 30. Nf4 Qf7 31. Qc6 d5 32. h3 d4 33. Rc1 d3 34. Nxd3 Nd5 35. Nc5 Re2 36. Qb5 Nf4 37. Qb8+ Kh7 38. Qxf4 Qd5 39. Qf3 Qe5 40. Rf1 g6 41. Qb7+ Kg8 42. Qa8+ Kf7 43. Qxa7+ Kg8 44. Qa8+ Kf7 45. Qf3 h5 46. Nd3 Qe8 47. Qd5+ Kg7 48. b5 Kh6 49. b6 Qb8 50. Qf3 Re4 51. Rb1 1-0

[Event "SVK-chT2D 14/15"]
[Site "Slovakia"]
[Date "2015.03.08"]
[Round "11.4"]
[White "Svana, Kamil"]
[Black "Mrva, Vladimir"]
[Result "1/2-1/2"]
[WhiteElo "2070"]
[BlackElo "2142"]
[PlyCount "33"]
[EventDate "2014.10.11"]
[EventType "team-tourn"]
[EventRounds "11"]
[EventCountry "SVK"]
[SourceTitle "EXT 2019"]
[Source "ChessBase"]
[SourceDate "2018.10.10"]
[SourceVersion "1"]
[SourceVersionDate "2018.10.10"]
[SourceQuality "1"]
[WhiteTeam "Spisska Nova Ves"]
[BlackTeam "Sabinov II"]
[WhiteTeamCountry "SVK"]
[BlackTeamCountry "SVK"]

1. e4 Nc6 2. Nf3 e5 3. Bb5 a6 4. Ba4 Nf6 5. 0-0 Be7 6. Re1 b5 7. Bb3 0-0 8. h3 d6 9. c3 Na5 10. Bc2 c5 11. d4 Qc7 12. Nbd2 cxd4 13. cxd4 Bd7 14. Nf1 Rac8 15. Bd3 Nc6 16. dxe5 dxe5 17. Be3 1/2-1/2

[Event "SVK-chT2D 14/15"]
[Site "Slovakia"]
[Date "2014.10.11"]
[Round "1.2"]
[White "Vojtko, Marek"]
[Black "Svana, Kamil"]
[Result "0-1"]
[WhiteElo "1996"]
[BlackElo "2070"]
[PlyCount "50"]
[EventDate "2014.10.11"]
[EventType "team-tourn"]
[EventRounds "11"]
[EventCountry "SVK"]
[SourceTitle "EXT 2019"]
[Source "ChessBase"]
[SourceDate "2018.10.10"]
[SourceVersion "1"]
[SourceVersionDate "2018.10.10"]
[SourceQuality "1"]
[WhiteTeam "Kosice Slavia TU IV"]
[BlackTeam "Spisska Nova Ves"]
[WhiteTeamCountry "SVK"]
[BlackTeamCountry "SVK"]

1. d4 Nf6 2. c4 c5 3. d5 e6 4. Nc3 exd5 5. cxd5 d6 6. Nf3 g6 7. Qa4+ Bd7 8. Qb3 Qc7 9. Bf4 a6 10. a4 Bg7 11. h3 0-0 12. e4 Re8 13. Nd2 Nxe4 14. Ndxe4 f5 15. 0-0-0 fxe4 16. Bxd6 Qxd6 17. Qxb7 Bxc3 18. bxc3 Bxa4 19. Qxa8 Qe5 20. Kb2 Bxd1 21. Qa7 Qxd5 22. Bc4 Qxc4 23. Rxd1 Nc6 24. Qb7 Rb8 25. Rd8+ Rxd8 0-1

[Event "SVK-chT2D 1314"]
[Site "Slovakia"]
[Date "2014.02.23"]
[Round "9.4"]
[White "Svana, Kamil"]
[Black "Sepesi, Samuel"]
[Result "1-0"]
[WhiteElo "2078"]
[BlackElo "1978"]
[PlyCount "81"]
[EventDate "2013.10.19"]
[EventType "team-tourn"]
[EventRounds "11"]
[EventCountry "SVK"]
[SourceTitle "EXT 2015"]
[Source "ChessBase"]
[SourceDate "2014.11.20"]
[SourceVersion "1"]
[SourceVersionDate "2014.11.20"]
[SourceQuality "1"]
[WhiteTeam "Spisska Nova Ves"]
[BlackTeam "Kosice Tahanovce"]
[WhiteTeamCountry "SVK"]
[BlackTeamCountry "SVK"]

1. e4 c5 2. Nf3 d6 3. d4 cxd4 4. Nxd4 Nf6 5. Nc3 Nc6 6. f3 g6 7. Be3 Bg7 8. Qd2 0-0 9. Bc4 Bd7 10. 0-0-0 Rb8 11. g4 Ne5 12. Be2 b5 13. h4 Nc4 14. Bxc4 bxc4 15. Rdg1 Qb6 16. Nd1 c3 17. Qxc3 Rfc8 18. Qd2 Qa6 19. Kb1 h5 20. gxh5 Nxh5 21. Rg5 Rc5 22. Rxc5 dxc5 23. Nb3 Be6 24. Bxc5 Qc4 25. Bxe7 a5 26. Qxa5 Qe2 27. Bd6 Rc8 28. Qd2 Qxf3 29. Re1 Bf6 30. Nd4 Bxd4 31. Qxd4 Qg2 32. Nc3 Rc4 33. Qg1 Qh3 34. Qg5 Kh7 35. Be5 Rb4 36. Qd8 f6 37. Qe7+ Kg8 38. Qxb4 fxe5 39. Qb8+ Bc8 40. Qxe5 Qxh4 41. Rg1 1-0

[Event "SVK-chT2D 1314"]
[Site "Slovakia"]
[Date "2013.10.19"]
[Round "1.4"]
[White "Svana, Kamil"]
[Black "Polacko, Frantisek"]
[Result "1/2-1/2"]
[WhiteElo "2078"]
[BlackElo "1841"]
[PlyCount "24"]
[EventDate "2013.10.19"]
[EventType "team-tourn"]
[EventRounds "11"]
[EventCountry "SVK"]
[SourceTitle "EXT 2015"]
[Source "ChessBase"]
[SourceDate "2014.11.20"]
[SourceVersion "1"]
[SourceVersionDate "2014.11.20"]
[SourceQuality "1"]
[WhiteTeam "Spisska Nova Ves"]
[BlackTeam "Humenne II"]
[WhiteTeamCountry "SVK"]
[BlackTeamCountry "SVK"]

1. e4 e5 2. Nf3 Nc6 3. Bb5 d6 4. d4 exd4 5. Qxd4 Bd7 6. Bxc6 Bxc6 7. Nc3 Nf6 8. Bg5 Be7 9. 0-0-0 0-0 10. Rhe1 Nd7 11. Bxe7 Qxe7 12. Nd5 Bxd5 1/2-1/2

[Event "SVK-chT2D 1213"]
[Site "Slovakia"]
[Date "2013.03.16"]
[Round "10.3"]
[White "Svana, Kamil"]
[Black "Lyocsa, Stefan"]
[Result "1/2-1/2"]
[WhiteElo "2058"]
[BlackElo "2152"]
[PlyCount "49"]
[EventDate "2012.10.13"]
[EventType "team-tourn"]
[EventRounds "11"]
[EventCountry "SVK"]
[SourceTitle "EXT 2015"]
[Source "ChessBase"]
[SourceDate "2014.11.20"]
[SourceVersion "1"]
[SourceVersionDate "2014.11.20"]
[SourceQuality "1"]
[WhiteTeam "Margecany"]
[BlackTeam "Kosice Slavia TU IV"]
[WhiteTeamCountry "SVK"]
[BlackTeamCountry "SVK"]

1. e4 e6 2. d4 d5 3. Nd2 Nf6 4. e5 Nfd7 5. Bd3 c5 6. c3 Nc6 7. Ne2 b6 8. 0-0 cxd4 9. cxd4 Nb4 10. Bb1 Ba6 11. Nf3 Be7 12. a3 Nc6 13. Bd3 Bxd3 14. Qxd3 Rc8 15. Bd2 h5 16. Rac1 Ndb8 17. Ne1 Kd7 18. b4 g5 19. f4 gxf4 20. Nxf4 Qg8 21. Nf3 Qh7 22. Qb5 Rhg8 23. a4 Qe4 24. Rce1 Qc2 25. Rc1 1/2-1/2

[Event "SVK-chT2D 1213"]
[Site "Slovakia"]
[Date "2013.02.17"]
[Round "9.3"]
[White "Vrabel, Michal"]
[Black "Svana, Kamil"]
[Result "0-1"]
[WhiteElo "1971"]
[BlackElo "2058"]
[PlyCount "52"]
[EventDate "2012.10.13"]
[EventType "team-tourn"]
[EventRounds "11"]
[EventCountry "SVK"]
[SourceTitle "EXT 2015"]
[Source "ChessBase"]
[SourceDate "2014.11.20"]
[SourceVersion "1"]
[SourceVersionDate "2014.11.20"]
[SourceQuality "1"]
[WhiteTeam "Presov Slavia"]
[BlackTeam "Margecany"]
[WhiteTeamCountry "SVK"]
[BlackTeamCountry "SVK"]

1. e4 e5 2. Nf3 Nc6 3. Bb5 a6 4. Ba4 Nf6 5. d4 exd4 6. 0-0 Be7 7. Re1 b5 8. Bb3 d6 9. a4 Rb8 10. axb5 axb5 11. Bd5 Bd7 12. Bxc6 Bxc6 13. Nxd4 Bd7 14. Nc3 c5 15. Nf5 Bxf5 16. exf5 0-0 17. Ra7 Re8 18. Bg5 h6 19. Bxh6 gxh6 20. Nd5 Nxd5 21. Qxd5 Ra8 22. Rb7 Qa5 23. c3 Ra7 24. Rxa7 Qxa7 25. Qc6 Rb8 26. h4 Qb7 0-1

[Event "SVK-chT2D 0809"]
[Site "Slovakia"]
[Date "2008.12.06"]
[Round "5.3"]
[White "Svana, Kamil"]
[Black "Regec, Viliam1111"]
[Result "1/2-1/2"]
[WhiteElo "2024"]
[BlackElo "2047"]
[PlyCount "72"]
[EventDate "2008.10.11"]
[EventType "team-tourn"]
[EventRounds "11"]
[EventCountry "SVK"]
[SourceTitle "EXT 2010"]
[Source "ChessBase"]
[SourceDate "2010.11.25"]
[SourceVersion "1"]
[SourceVersionDate "2010.11.25"]
[SourceQuality "1"]
[WhiteTeam "Spisska Nova Ves"]
[BlackTeam "Gelnica Slovan"]
[WhiteTeamCountry "SVK"]
[BlackTeamCountry "SVK"]

1. e4 e5 2. Nf3 d6 3. d4 Nd7 4. Bc4 c6 5. Nc3 Qc7 6. Ng5 Nh6 7. a4 Nb6 8. Bb3 a5 9. dxe5 dxe5 10. h3 Bc5 11. Qh5 Qe7 12. Nf3 Nd7 13. Bxh6 gxh6 14. Qxh6 f6 15. Nh4 Nf8 16. 0-0-0 Be6 17. Nf5 Qf7 18. Ng7+ Ke7 19. Nf5+ Ke8 20. Ng7+ Ke7 21. Nxe6 Nxe6 22. Bxe6 Kxe6 23. f3 Qg6 24. Qxg6 hxg6 25. Rd3 Rad8 26. Rhd1 Rxd3 27. Rxd3 Ke7 28. Kd2 Rb8 29. Ke2 Bb4 30. Nd1 Ke6 31. Ne3 Bd6 32. Rb3 b6 33. Rc3 Kd7 34. Ng4 Rf8 35. Rd3 Ke6 36. Kd2 Bc5 1/2-1/2